[Event "Bad Sooden-Allendorf Seniors op 14th"]
[Site "Bad Sooden-Allendorf"]
[Date "2002.04.23"]
[Round "2"]
[White "Franck, Rudolf"]
[Black "Aepfler, Gerhard"]
[Result "1-0"]
[WhiteElo "2179"]
[BlackElo "1829"]
[PlyCount "75"]
[EventDate "2002.04.??"]
[EventType "swiss"]
[EventRounds "9"]
[EventCountry "GER"]
[SourceTitle "EXT 2006"]
[Source "ChessBase"]
[SourceDate "2005.11.24"]
[SourceVersion "1"]
[SourceVersionDate "2005.11.24"]
[SourceQuality "1"]

1. d4 d5 2. e3 f5 3. c4 e6 4. Nc3 Nf6 5. f4 c6 6. Nf3 Bb4 7. Bd2 0-0 8. a3 Bxc3 9. Bxc3 dxc4 10. Bxc4 Nd5 11. Bd2 Nd7 12. 0-0 N7f6 13. Qe2 Bd7 14. Rfe1 a5 15. Rac1 Be8 16. b4 axb4 17. Bxb4 Bh5 18. Bxf8 Qxf8 19. Qb2 Bxf3 20. gxf3 Qf7 21. Ra1 Rb8 22. a4 Qh5 23. Qg2 b5 24. axb5 cxb5 25. Bb3 Qf7 26. Qd2 b4 27. Ra6 Nc7 28. Ra7 Nfe8 29. Rc1 Qg6+ 30. Qg2 Qxg2+ 31. Kxg2 Nd5 32. Kf2 Nef6 33. Rc6 Re8 34. Rca6 Kf8 35. Ba4 Re7 36. Rxe7 Kxe7 37. Ra7+ Kd6 38. Rxg7 1-0